Picasso / (Registro nro. 33481)
[ vista simple ]
| 000 -LEADER | |
|---|---|
| fixed length control field | 01082cam a2200313 i 4500 |
| 001 - CONTROL NUMBER | |
| control field | 33481 |
| 003 - CONTROL NUMBER IDENTIFIER | |
| control field | Mx-PuUPA |
| 005 - DATE AND TIME OF LATEST TRANSACTION | |
| control field | 20230825125124.0 |
| 008 - FIXED-LENGTH DATA ELEMENTS--GENERAL INFORMATION | |
| fixed length control field | 140415s1991 xxua fr 000 0 eng d |
| 020 ## - INTERNATIONAL STANDARD BOOK NUMBER | |
| International Standard Book Number | 1840130768 |
| 040 ## - CATALOGING SOURCE | |
| Original cataloging agency | Mx-PuUPA |
| Language of cataloging | spa |
| Transcribing agency | Mx-PuUPA |
| Modifying agency | Mx-PuUPA |
| Description conventions | rda |
| 041 0# - LANGUAGE CODE | |
| Language code of text/sound track or separate title | eng |
| 100 1# - MAIN ENTRY--PERSONAL NAME | |
| Personal name | Lévy, Lorraine, |
| Dates associated with a name | 1959- |
| 9 (RLIN) | 14673 |
| Relator term | autor |
| 245 10 - TITLE STATEMENT | |
| Title | Picasso / |
| Statement of responsibility, etc. | Lorraine Lévy ; introduction by Pierre Daix ; translated from french by Barbara Beaumont |
| 250 ## - EDITION STATEMENT | |
| Edition statement | First published |
| 264 #1 - PRODUCTION, PUBLICATION, DISTRIBUTION, MANUFACTURE, AND COPYRIGHT NOTICE | |
| Place of production, publication, distribution, manufacture | Henry Holt, USA : |
| Name of producer, publisher, distributor, manufacturer | W.S. Konecky Associates, |
| Date of production, publication, distribution, manufacture, or copyright notice | ©1991 |
| 300 ## - PHYSICAL DESCRIPTION | |
| Extent | 160 páginas : |
| Other physical details | ilustraciones (a color) ; |
| Dimensions | 33 cm |
| 336 ## - CONTENT TYPE | |
| Fuente | rdacontent |
| Content type term | texto |
| Content type code | txt |
| 337 ## - MEDIA TYPE | |
| Source | rdamedia |
| Media type term | sin medio |
| Media type code | n |
| 338 ## - CARRIER TYPE | |
| Source | rdacarrier |
| Carrier type term | volumen |
| Carrier type code | nc |
| 600 14 - SUBJECT ADDED ENTRY--PERSONAL NAME | |
| Personal name | Picasso, Pablo, |
| Dates associated with a name | 1881-1973 |
| 650 #7 - SUBJECT ADDED ENTRY--TOPICAL TERM | |
| Topical term or geographic name entry element | Artistas |
| Geographic subdivision | España |
| Form subdivision | Biografía |
| 650 #7 - SUBJECT ADDED ENTRY--TOPICAL TERM | |
| Topical term or geographic name entry element | Pintura española |
| Source of heading or term | armarc |
| 700 1# - ADDED ENTRY--PERSONAL NAME | |
| Personal name | Daix, Pierre, |
| Relator term | autor de introducción |
| 700 1# - ADDED ENTRY--PERSONAL NAME | |
| Personal name | Beaumont, Barbara, |
| Relator term | traductor |
| 942 ## - ADDED ENTRY ELEMENTS (KOHA) | |
| Source of classification or shelving scheme | Dewey Decimal Classification |
| Koha item type | Libro |
| Classification part | 759.6 |
| Item part | P585 |
| Withdrawn status | Lost status | Source of classification or shelving scheme | Damaged status | Not for loan | Collection code | Home library | Current library | Shelving location | Date acquired | Source of acquisition | Total Checkouts | Full call number | Barcode | Date last seen | Price effective from | Koha item type |
|---|---|---|---|---|---|---|---|---|---|---|---|---|---|---|---|---|
| Dewey Decimal Classification | Referencia | Biblioteca Karol Wojtyla | Biblioteca Karol Wojtyla | Área de silencio | 03/12/2013 | Compra | 759.06 P585 1991 | 51012 | 05/01/2026 | 27/01/2015 | Folio |